| 000 | 00699cam a22002411 4500 | ||
|---|---|---|---|
| 001 | 19624 | ||
| 003 | BD-RjUL | ||
| 005 | 20211209000445.0 | ||
| 008 | 140225r19701960enk 000 0 eng | ||
| 035 | _a(BD-RjUL)19684 | ||
| 035 | _a(OCoLC)307809 | ||
| 040 |
_aDLC _cOYU _dOCoLC _dDLC _dBD-RjUL _beng |
||
| 041 | _aeng | ||
| 082 |
_a822.33 _bKNA 1970 |
||
| 100 | 1 |
_aKnights, L. C. _q(Lionel Charles), _d1906- _954758 |
|
| 245 | 1 | 3 |
_aAn approach to "Hamlet." / _cL. C. Knights |
| 260 |
_aLondon : _bChatto & Windus, _cc1960 [REprinted 1970]. |
||
| 300 |
_a90 p. ; _c23 cm. |
||
| 600 | 1 | 0 |
_aShakespeare, William, _d1564-1616. _960298 |
| 942 |
_2ddc _cBK |
||
| 999 |
_c19624 _d19624 |
||